header

Plasticity in the human nervous system (Record no. 30171)

MARC details
000 -LEADER
fixed length control field 01310nam a22003134a 4500
082 04 - DEWEY DECIMAL CLASSIFICATION NUMBER
Classification number 612.8
245 00 - TITLE STATEMENT
Title Plasticity in the human nervous system
260 ## - PUBLICATION, DISTRIBUTION, ETC. (IMPRINT)
Place of publication Cambridge ;
-- New York :
Name of publisher Cambridge University Press,
Year of publication 2003.
300 ## - PHYSICAL DESCRIPTION
Number of Pages xii, 316 p., [8] p. of plates :
Other physical details ill. (some col.).
650 #0 - SUBJECT ADDED ENTRY--TOPICAL TERM
Topical Term Neuroplasticity.
Topical Term Magnetic brain stimulation.
700 1# - ADDED ENTRY--PERSONAL NAME
Personal name Boniface, Simon J.,
Personal name Ziemann, Ulf.
856 40 - ELECTRONIC LOCATION AND ACCESS
Uniform Resource Identifier http://site.ebrary.com/lib/rucke/Doc?id=10069868

No items available.

© 2026 Rongo University
Contact us: librarian | system librarian | Rongo university